Vague language
Αποθηκεύτηκε σε:
| Κύριος συγγραφέας: | |
|---|---|
| Μορφή: | Βιβλίο |
| Γλώσσα: | English |
| Δημοσίευση: |
Oxford :
Oxford University Press,
c1994
|
| Σειρά: | Describing English language
|
| Θέματα: | |
| Ετικέτες: |
Προσθήκη ετικέτας
Δεν υπάρχουν, Καταχωρήστε ετικέτα πρώτοι!
|
MARC
| LEADER | 00000nam a2200000 i 4500 | ||
|---|---|---|---|
| 001 | 1/49207 | ||
| 008 | 980204s1994 eng d | ||
| 020 | |a 0194371867 | ||
| 035 | |l 10026798 | ||
| 040 | |a GR-MY-UA |b gre |e aacr | ||
| 041 | 0 | |a eng | |
| 082 | 0 | |a 428.24 | |
| 100 | 1 | |a Channell, Joanna. | |
| 245 | 1 | 0 | |a Vague language / |c Joanna Channell |
| 260 | |a Oxford : |b Oxford University Press, |c c1994 | ||
| 300 | |a xxi, 226 p. | ||
| 490 | 1 | |a Describing English language | |
| 504 | |a Includes bibliography and index | ||
| 650 | 0 | 0 | |a English language |v Textbooks for foreign speakers. |
| 830 | 0 | |a Describing English language | |
| 852 | |a INST |b CHIOS |e 19980204 |h 428.24 CHA |p 005200009976 |q 005200009976 |t BK |y 0 | ||
| 901 | |a BIBL-1998-1 | ||
| 909 | |a Χ |b 052597 | ||
| 922 | |a 2ΕΛΗ |b 199712 |c ΣΟΥΚΑΣ |d ΠΑΠΑΣΩΤΗΡΙΟΥ | ||